[Event "16th Sants Open 2014"]
[Site "Barcelona ESP"]
[Date "2014.08.27"]
[Round "6.10"]
[White "Valdes Romero, Leonardo"]
[Black "Novikov, Stanislav"]
[Result "0-1"]
[WhiteTitle "IM"]
[BlackTitle "GM"]
[WhiteElo "2406"]
[BlackElo "2562"]
[WhiteFideId "6500331"]
[BlackFideId "4125371"]
[EventDate "2014.08.22"]

1. Nf3 g6 2. g3 Bg7 3. d4 Nf6 4. Bg2 O-O 5. O-O d6 6. c4 c6 7. Nc3 Qb6 8. b3 e5
9. c5 Qa5 10. Bd2 exd4 11. Ne4 Qd8 12. Nxd6 Nd5 13. Rc1 Na6 14. b4 Naxb4 15.
Bxb4 Nxb4 16. Nxd4 Nxa2 17. Rc4 a5 18. Qd2 Nb4 19. Ra1 Ra6 20. Ra3 Qc7 21. h4
Rd8 22. Rf3 Rxd6 23. cxd6 Qxd6 24. Qe3 Nd5 25. Qe8+ Qf8 26. Qxf8+ Bxf8 27. e4
Nb6 28. Rc1 a4 29. e5 a3 30. e6 fxe6 31. Bh3 a2 32. Bxe6+ Bxe6 33. Nxe6 Be7 34.
Ra1 Nd5 35. Rb3 Bf6 36. Rxa2 Rxa2 37. Rxb7 Re2 38. Nc5 Bd4 39. Nd3 Rd2 0-1

[Event "16th Sants Open 2014"]
[Site "Barcelona ESP"]
[Date "2014.08.27"]
[Round "6.11"]
[White "Martinez Romero, Martin"]
[Black "Handke, Florian"]
[Result "1-0"]
[WhiteTitle "IM"]
[BlackTitle "GM"]
[WhiteElo "2387"]
[BlackElo "2553"]
[WhiteFideId "4404025"]
[BlackFideId "4634527"]
[EventDate "2014.08.22"]

1. e4 c5 2. Nf3 e6 3. d4 cxd4 4. Nxd4 Nc6 5. Nb5 d6 6. c4 Nf6 7. N1c3 a6 8. Nd4
Qc7 9. Be2 Be7 10. O-O O-O 11. Be3 Ne5 12. Rc1 b6 13. b4 Bb7 14. f3 Rac8 15. Na4
Ned7 16. Nb3 Bc6 17. Nc3 Qb8 18. a4 Ba8 19. Qd4 Rfe8 20. Kh1 Bd8 21. f4 Bc7 22.
Bf3 Rcd8 23. Qd2 Bb7 24. Rfe1 Qa8 25. Bg1 a5 26. Nb5 Bb8 27. bxa5 Nc5 28. Bxc5
dxc5 29. Qe3 bxa5 30. Nxc5 e5 31. Nxb7 Qxb7 32. f5 Qc6 33. c5 g6 34. fxg6 hxg6
35. Qc3 Bc7 36. Bd1 Re7 37. Bb3 Kg7 38. Qf3 Bb8 39. h3 Red7 40. Rc3 Rd2 41. Rf1
Nxe4 42. Qxf7+ Kh6 43. Qf3 Rc8 44. Rc4 Rd4 45. Qe3+ g5 46. Nxd4 exd4 47. Rxd4
Re8 48. Rxe4 Qxe4 49. Rf6+ Kh7 50. Bg8+ Kh8 51. Rh6+ Kxg8 52. Qxg5+ Kf8 53. Qf6+ 1-0

[Event "16th Sants Open 2014"]
[Site "Barcelona ESP"]
[Date "2014.08.27"]
[Round "6.12"]
[White "Aroshidze, Levan"]
[Black "Zude, Erik"]
[Result "1-0"]
[WhiteTitle "GM"]
[BlackTitle "IM"]
[WhiteElo "2539"]
[BlackElo "2381"]
[WhiteFideId "13601865"]
[BlackFideId "4604644"]
[EventDate "2014.08.22"]

1. e4 e5 2. Nf3 d6 3. d4 exd4 4. Nxd4 Nf6 5. Nc3 Be7 6. Bf4 O-O 7. Qd2 Nc6 8.
O-O-O Nxd4 9. Qxd4 Be6 10. Kb1 a6 11. f3 b5 12. Qd2 c6 13. Bxd6 Bxd6 14. Qxd6
Qa5 15. a3 Rab8 16. Qb4 Qb6 17. Qd4 Qa5 18. Qc5 Nd7 19. Qb4 Qb6 20. Rd6 Qc7 21.
Qd4 c5 22. Qd2 b4 23. axb4 cxb4 24. Na4 a5 25. Ba6 Ne5 26. b3 Bc8 27. Bxc8 Rfxc8
28. Rd1 Nc6 29. Rd7 Qe5 30. Qd5 Qe8 31. f4 h6 32. e5 1-0

[Event "16th Sants Open 2014"]
[Site "Barcelona ESP"]
[Date "2014.08.27"]
[Round "6.13"]
[White "Narciso Dublan, Marc"]
[Black "Baches Garcia, Guillermo"]
[Result "1-0"]
[WhiteTitle "GM"]
[BlackTitle "IM"]
[WhiteElo "2515"]
[BlackElo "2377"]
[WhiteFideId "2201500"]
[BlackFideId "2209764"]
[EventDate "2014.08.22"]

1. d4 Nf6 2. c4 e6 3. Nc3 Bb4 4. Qc2 O-O 5. a3 Bxc3+ 6. Qxc3 b6 7. Nf3 Bb7 8.
Bg5 d6 9. Nd2 Nbd7 10. f3 Rc8 11. e4 c5 12. Bd3 cxd4 13. Qxd4 h6 14. Bh4 Ne5 15.
O-O Ng6 16. Bxf6 Qxf6 17. Qxf6 gxf6 18. Rfd1 Rfd8 19. Nf1 d5 20. cxd5 exd5 21.
Ne3 dxe4 22. Bxe4 Bxe4 23. fxe4 Re8 24. Rd4 Nf4 25. Re1 Rc5 26. Kf1 Ne6 27. Rd7
Ng5 28. Nf5 Rc2 29. Nxh6+ Kg7 30. Nf5+ Kg6 31. Ne7+ Kh5 32. b4 Kg4 33. Nd5 Rc6
34. b5 Rce6 35. Rxa7 f5 36. e5 Ne4 37. Ra4 Kg5 38. Nc7 Rxe5 39. Nxe8 Rxe8 40.
Ra7 f6 41. Ra6 Rc8 42. Rxb6 Rc4 43. Rb8 1-0

[Event "16th Sants Open 2014"]
[Site "Barcelona ESP"]
[Date "2014.08.27"]
[Round "6.14"]
[White "Martinez Alcantara, Jose Eduardo"]
[Black "Bromberger, Stefan"]
[Result "0-1"]
[WhiteTitle "FM"]
[BlackTitle "IM"]
[WhiteElo "2379"]
[BlackElo "2510"]
[WhiteFideId "3805662"]
[BlackFideId "4635248"]
[EventDate "2014.08.22"]

1. c4 c6 2. g3 d5 3. Nf3 Nf6 4. Bg2 Bf5 5. b3 e6 6. O-O Nbd7 7. Bb2 Be7 8. d3
O-O 9. Nbd2 h6 10. a3 a5 11. Qc2 Bh7 12. Rac1 Qb6 13. Bd4 c5 14. Bb2 d4 15. Nb1
e5 16. Nfd2 Ne8 17. e4 Nd6 18. Rce1 a4 19. f4 axb3 20. Nxb3 Qc6 21. N1d2 f6 22.
Bh3 Nf7 23. Nf3 Rfe8 24. Nh4 Nh8 25. Bc1 Bf8 26. Re2 b6 27. Nd2 g6 28. Ref2 Bg7
29. Qb3 Nf8 30. Qb5 Qd6 31. Ndf3 Re7 32. fxe5 fxe5 33. Ra2 Nf7 34. Bd2 Rea7 35.
a4 Qc7 36. Rb1 Ra6 37. Rba1 Nd6 38. Qb3 Kh8 39. Bg4 Bg8 40. Ng2 Qf7 41. Qd1 Nd7
42. Qc1 Kh7 43. Ra3 Qe8 44. Nfe1 Nf6 45. Bd1 Nfxe4 46. dxe4 Nxc4 47. Rf3 Nxd2
48. Qxd2 c4 49. Rb1 Qc6 50. Bc2 Rxa4 51. Bxa4 Rxa4 52. Qb2 Ra6 53. Qc2 b5 54. h3
c3 55. Nd3 Qxe4 56. Rbf1 Ra2 57. Qd1 Rd2 58. Qb1 Qe2 0-1

[Event "16th Sants Open 2014"]
[Site "Barcelona ESP"]
[Date "2014.08.27"]
[Round "6.15"]
[White "Comas Fabrego, Lluis"]
[Black "Delorme, Alban"]
[Result "1-0"]
[WhiteTitle "GM"]
[BlackTitle "FM"]
[WhiteElo "2508"]
[BlackElo "2280"]
[WhiteFideId "2200325"]
[BlackFideId "623636"]
[EventDate "2014.08.22"]

1. c4 c5 2. g3 Nc6 3. Bg2 g6 4. Nc3 Bg7 5. Nf3 Nf6 6. O-O O-O 7. d4 cxd4 8. Nxd4
Qa5 9. Nc2 Qh5 10. Nd5 Nxd5 11. cxd5 Ne5 12. d6 exd6 13. Ne3 Ng4 14. Nxg4 Qxg4
15. Rb1 a5 16. Bd5 a4 17. Bd2 Rb8 18. e4 Qxd1 19. Rfxd1 b5 20. Bb4 Rb6 21. b3
Bb7 22. Bxb7 Rxb7 23. bxa4 bxa4 24. Bxd6 Rxb1 25. Rxb1 Re8 26. Rb4 a3 27. Ra4
Bf8 28. Bxf8 Kxf8 29. Kg2 Re5 30. Kf3 d5 31. exd5 Rxd5 32. Rxa3 Rd2 33. Ke3 Rb2
34. h4 h5 35. Ra4 Kg7 36. Ra6 Rc2 37. a4 Ra2 38. a5 Ra3+ 39. Ke4 Ra2 40. Ke3
Ra3+ 41. Kd4 Rf3 42. Rc6 Rxf2 43. a6 Rg2 44. a7 Ra2 45. Rc7 Kf6 46. Kc5 Kf5 47.
Kb5 Rb2+ 48. Ka4 Ra2+ 49. Kb3 Ra6 50. Rxf7+ Kg4 51. Rg7 Kh3 52. Kb4 Ra1 53. Kb5
Ra2 54. Kb6 Rb2+ 55. Kc7 Ra2 56. Kb8 Kxg3 57. Rxg6+ Kxh4 58. a8=Q Rxa8+ 59. Kxa8
Kh3 60. Kb7 h4 61. Kc6 Kh2 62. Kd5 h3 63. Ke4 Kh1 64. Kf3 h2 65. Rh6 1-0

[Event "16th Sants Open 2014"]
[Site "Barcelona ESP"]
[Date "2014.08.27"]
[Round "6.16"]
[White "Delorme, Axel"]
[Black "Arias Igual, Alejandro"]
[Result "1/2-1/2"]
[WhiteTitle "IM"]
[WhiteElo "2501"]
[BlackElo "2271"]
[WhiteFideId "632023"]
[BlackFideId "2254905"]
[EventDate "2014.08.22"]

1. d4 d5 2. Nf3 e6 3. g3 Nf6 4. c4 Be7 5. Bg2 O-O 6. Nc3 c5 7. cxd5 exd5 8. O-O
Nc6 9. dxc5 Bxc5 10. Na4 Be7 11. Be3 Re8 12. Rc1 Bg4 13. Nc5 Qb6 14. Nb3 Qa6 15.
Qd3 Qxd3 16. exd3 Bf5 17. Rfd1 Rac8 18. a3 h6 19. h3 Bd6 20. g4 Bg6 21. Nc5 b6
22. Na4 Ne7 23. Rxc8 Rxc8 24. Nd4 h5 25. Bf3 hxg4 26. hxg4 Nd7 27. Be2 Nc5 28.
Nc3 Ne6 29. Nxe6 fxe6 30. d4 Bxa3 31. bxa3 Rxc3 32. a4 a5 33. Bb5 Be4 34. Rc1
Rxc1+ 35. Bxc1 Ng6 36. Bg5 e5 37. Bd8 exd4 38. Bxb6 Ne5 39. Kf1 d3 40. Ke1 Nc4
41. Bxc4 dxc4 42. Bxa5 1/2-1/2

[Event "16th Sants Open 2014"]
[Site "Barcelona ESP"]
[Date "2014.08.27"]
[Round "6.17"]
[White "Schroeder, Jan-Christian"]
[Black "Klein, David"]
[Result "1-0"]
[WhiteTitle "FM"]
[BlackTitle "IM"]
[WhiteElo "2367"]
[BlackElo "2498"]
[WhiteFideId "24662259"]
[BlackFideId "1003623"]
[EventDate "2014.08.22"]

1. e4 c5 2. Nf3 d6 3. d4 cxd4 4. Nxd4 Nf6 5. Nc3 a6 6. Be3 e6 7. a4 Nbd7 8. a5
Nc5 9. f3 Be7 10. Be2 O-O 11. O-O Qc7 12. Qd2 Re8 13. Kh1 h6 14. Rfd1 Bf8 15.
Bf1 Rb8 16. b4 Ncd7 17. b5 Ne5 18. Bg1 d5 19. b6 Qd8 20. f4 Nc4 21. Qe1 e5 22.
Bxc4 exd4 23. Rxd4 Bb4 24. Bb3 Bxc3 25. Qxc3 Nxe4 26. Qc7 Be6 27. Qxd8 Rbxd8 28.
f5 Bxf5 29. Bxd5 Rd7 30. Rf1 Bg6 31. Bxe4 Rxd4 32. Bxg6 Rd7 33. Bd3 Re5 34. Rf5
Rdd5 35. Rxe5 Rxe5 36. c4 Rxa5 37. Be4 Ra1 38. Bxb7 a5 39. Bd5 Kf8 40. c5 Ke7
41. c6 Kd6 42. c7 Rc1 43. Bb7 1-0

[Event "16th Sants Open 2014"]
[Site "Barcelona ESP"]
[Date "2014.08.27"]
[Round "6.18"]
[White "Garriga Cazorla, Pere"]
[Black "Collins, Sam E."]
[Result "1-0"]
[BlackTitle "IM"]
[WhiteElo "2196"]
[BlackElo "2495"]
[WhiteFideId "32011601"]
[BlackFideId "2501198"]
[EventDate "2014.08.22"]

1. d4 d6 2. Nf3 g6 3. g3 Bg7 4. Bg2 f5 5. O-O Nf6 6. c4 O-O 7. Nc3 c6 8. Rb1 Na6
9. b4 Nc7 10. Qb3 Kh8 11. a4 Ne4 12. Rd1 a5 13. b5 Nxc3 14. Qxc3 c5 15. Qa3 Ne6
16. Bb2 Qe8 17. dxc5 Nxc5 18. Bxg7+ Kxg7 19. Nd4 Qf7 20. Nb3 Ne4 21. Nd2 b6 22.
Nxe4 fxe4 23. Qe3 Bf5 24. Qxb6 Rac8 25. Qd4+ Kg8 26. Rbc1 Rc5 27. Rc3 h5 28.
Rdc1 g5 29. Re3 Rfc8 30. Bxe4 Rxc4 31. Rxc4 Rxc4 32. Qd3 Bh3 33. Qd1 e6 34. Bc6
d5 35. Rb3 Qf6 36. b6 Qd4 37. Qe1 Rxc6 38. b7 Rb6 39. b8=Q+ Rxb8 40. Rxb8+ Kg7
41. Qc1 Kh6 42. Rg8 Qe5 43. Qb1 Bf5 44. Qe1 Bh3 45. Qc1 Qf6 46. Rc8 Qd4 47. Rf8
Qe5 48. f4 Qxe2 49. fxg5+ Kg7 50. Rf2 Qe5 51. Qb2 Qxb2 52. Rxb2 Kg6 53. Kf2 Kxg5
54. Ke3 e5 55. Rb5 Bg2 56. Rxa5 Kf5 57. Kf2 Bh1 58. Ra8 Ke4 59. a5 Kd3 60. a6 e4
61. a7 Kd2 62. Re8 d4 63. Kg1 1-0

[Event "16th Sants Open 2014"]
[Site "Barcelona ESP"]
[Date "2014.08.27"]
[Round "6.19"]
[White "Lillo Castany, Victor"]
[Black "Escobar Forero, Alder"]
[Result "1/2-1/2"]
[WhiteTitle "FM"]
[BlackTitle "IM"]
[WhiteElo "2319"]
[BlackElo "2464"]
[WhiteFideId "2278995"]
[BlackFideId "4400801"]
[EventDate "2014.08.22"]

1. e4 g6 2. d4 Bg7 3. Nc3 d6 4. Be3 c6 5. Qd2 b5 6. h3 Nf6 7. Bd3 Nbd7 8. Nf3
Nb6 9. Bh6 O-O 10. O-O b4 11. Ne2 c5 12. c3 a5 13. Ng3 e6 14. Bxg7 Kxg7 15. dxc5
dxc5 16. e5 Ng8 17. Rfd1 Bb7 18. Be4 Qxd2 19. Nxd2 Bxe4 20. Ngxe4 Rfd8 21. Nb3
Nc4 22. Nbxc5 bxc3 23. Nxc3 Nxb2 24. Rxd8 Rxd8 25. Rb1 Rd2 26. Nb3 Rc2 27. Rc1
Rxc1+ 28. Nxc1 Ne7 29. f4 g5 30. g3 Ng6 31. fxg5 Nxe5 32. Kf2 Nbc4 33. h4 h6 34.
gxh6+ Kxh6 35. Ne4 Ng4+ 36. Kf3 f5 37. Ng5 e5 38. a4 Nf6 39. Nb3 e4+ 40. Ke2 Nd5
41. Nc5 Nc3+ 42. Ke1 Kh5 43. Nge6 e3 44. Nd4 Ne5 45. Ncb3 Kg4 46. Nxa5 Kxg3 47.
Nxf5+ Kf4 48. Nxe3 Kxe3 49. Nb3 Nf3+ 50. Kf1 Nxh4 51. a5 Nf3 52. a6 Nb5 53. Nd4
Nfxd4 54. a7 1/2-1/2

[Event "16th Sants Open 2014"]
[Site "Barcelona ESP"]
[Date "2014.08.27"]
[Round "6.20"]
[White "Maslov, Ivan"]
[Black "Huerga Leache, Mikel"]
[Result "1/2-1/2"]
[BlackTitle "IM"]
[WhiteElo "2163"]
[BlackElo "2457"]
[WhiteFideId "24169820"]
[BlackFideId "2268795"]
[EventDate "2014.08.22"]

1. d4 Nf6 2. c4 c5 3. d5 b5 4. cxb5 a6 5. bxa6 g6 6. Nc3 Bxa6 7. e4 Bxf1 8. Kxf1
d6 9. Nf3 Bg7 10. g3 O-O 11. Kg2 Nbd7 12. a4 Qb6 13. Qe2 Rfb8 14. Nb5 Ne8 15.
Bg5 Qd8 16. Ra2 h6 17. Bd2 Nc7 18. Nxc7 Qxc7 19. Bc3 Bxc3 20. bxc3 Kg7 21. Rha1
Qa5 22. Ra3 Rb7 23. R1a2 Rb1 24. Nd2 Rb7 25. Nc4 Qa6 1/2-1/2

[Event "16th Sants Open 2014"]
[Site "Barcelona ESP"]
[Date "2014.08.27"]
[Round "6.21"]
[White "Urriza Iricibar, Pablo"]
[Black "Oliva Castaneda, Kevel"]
[Result "1-0"]
[BlackTitle "FM"]
[WhiteElo "2140"]
[BlackElo "2446"]
[WhiteFideId "22252908"]
[BlackFideId "3500799"]
[EventDate "2014.08.22"]

1. e4 c5 2. Nf3 e6 3. d4 cxd4 4. Nxd4 Nc6 5. Nc3 Qc7 6. Be3 a6 7. Qd2 Nf6 8.
O-O-O Be7 9. f3 O-O 10. g4 b5 11. g5 Nh5 12. Nce2 Rd8 13. Ng3 Nxd4 14. Qxd4 Nf4
15. h4 Ng6 16. h5 Qxg3 17. hxg6 Bxg5 18. gxf7+ Kxf7 19. Rh3 Bxe3+ 20. Qxe3 Qc7
21. e5 Rh8 22. Bd3 Qa7 23. Qf4+ Ke8 24. Qg5 d5 25. exd6 Qd7 26. Bxh7 Kf8 27.
Qf4+ Qf7 28. Qxf7+ Kxf7 29. Bg6+ 1-0

[Event "16th Sants Open 2014"]
[Site "Barcelona ESP"]
[Date "2014.08.27"]
[Round "6.22"]
[White "Cruz, Cristhian"]
[Black "Ekeberg, Carl Fredrik"]
[Result "1/2-1/2"]
[WhiteTitle "GM"]
[BlackTitle "FM"]
[WhiteElo "2553"]
[BlackElo "2294"]
[WhiteFideId "3801969"]
[BlackFideId "1502654"]
[EventDate "2014.08.22"]

1. d4 Nf6 2. c4 g6 3. Nc3 d5 4. cxd5 Nxd5 5. Bd2 Bg7 6. e4 Nxc3 7. Bxc3 O-O 8.
Rc1 c5 9. d5 Bxc3+ 10. Rxc3 e6 11. Bc4 exd5 12. Bxd5 Qe7 13. Nf3 Na6 14. O-O Be6
15. Qb3 Bxd5 16. exd5 b6 17. Re1 Qd6 18. Ng5 Rae8 19. Ne4 f5 20. Qc4 Nc7 21.
Nxd6 Rxe1+ 22. Qf1 Rxf1+ 23. Kxf1 Nxd5 24. Ra3 Rd8 25. Nc4 Nf4 26. f3 Rd4 27.
Ne5 a5 28. Rb3 Rb4 29. Rxb4 axb4 30. g3 Nd5 31. Ke2 Kf8 32. Kd3 Ke7 33. Kc4 Nc7
34. f4 Ke6 35. h4 Ke7 36. Nf3 Kf6 37. Ne5 Ke7 38. Nf3 Kf6 39. Ne5 Ke6 40. Nf3
Kf6 1/2-1/2

[Event "16th Sants Open 2014"]
[Site "Barcelona ESP"]
[Date "2014.08.27"]
[Round "6.23"]
[White "Alsina Leal, Daniel"]
[Black "Chalmeta Ugas, Ramon"]
[Result "1-0"]
[WhiteTitle "GM"]
[BlackTitle "FM"]
[WhiteElo "2550"]
[BlackElo "2292"]
[WhiteFideId "2252627"]
[BlackFideId "2256339"]
[EventDate "2014.08.22"]

1. d4 Nf6 2. c4 e6 3. Nc3 Bb4 4. e3 O-O 5. a3 Bxc3+ 6. bxc3 b6 7. Bd3 Bb7 8. f3
d5 9. cxd5 exd5 10. Nh3 c5 11. O-O Nc6 12. Ra2 Rc8 13. Re2 Re8 14. Nf2 Na5 15.
Rfe1 Qd7 16. Bb2 cxd4 17. cxd4 Nc4 18. Bc1 Rc7 19. Bc2 Rd8 20. Bb3 Ba6 21. Rc2
Na5 22. Ba4 b5 23. Rxc7 Qxc7 24. Bc2 Qb6 25. Bd2 Nc4 26. Bb4 Bb7 27. Qd3 g6 28.
Bc5 Qa5 29. Bb4 Qc7 30. Re2 a5 31. Be1 Qd6 32. Bb3 Nxa3 33. Bxa5 Ra8 34. Qc3 Rc8
35. Qe1 Nc4 36. Bb4 Qd8 37. Nd3 Nd7 38. e4 Qb6 39. Qf2 Nf8 40. Nc5 Ne6 41. Re1
Nxc5 42. dxc5 Qf6 43. exd5 Bxd5 44. h3 Be6 45. Bxc4 bxc4 46. Qe3 Qf5 47. Rd1 g5
48. Bc3 f6 49. Rd6 Kf7 50. c6 Re8 51. c7 Rc8 52. g4 Qb1+ 53. Kg2 Qc2+ 54. Kg3
Re8 55. c8=Q Bxc8 56. Rxf6+ Kg7 57. Qxg5+ 1-0

[Event "16th Sants Open 2014"]
[Site "Barcelona ESP"]
[Date "2014.08.27"]
[Round "6.24"]
[White "Gomez Garrido, Camilo Ernesto"]
[Black "Diaz Castro, Sergio"]
[Result "1-0"]
[WhiteTitle "IM"]
[WhiteElo "2496"]
[BlackElo "2272"]
[WhiteFideId "3507904"]
[BlackFideId "2250608"]
[EventDate "2014.08.22"]

1. e4 c5 2. Nf3 g6 3. c4 Nc6 4. d4 cxd4 5. Nxd4 Bg7 6. Be3 Nf6 7. Nc3 O-O 8. Be2
b6 9. O-O Bb7 10. f3 e6 11. Rc1 d5 12. Nxc6 Bxc6 13. e5 Ne8 14. cxd5 exd5 15. f4
f6 16. Bf3 Nc7 17. Ne2 Bb7 18. exf6 Bxf6 19. Nd4 Qd6 20. Qd2 Rae8 21. g3 Re7 22.
Rfd1 Rfe8 23. Bf2 Ne6 24. b4 Kg7 25. a4 Rd8 26. a5 Nxd4 27. Bxd4 Bxd4+ 28. Qxd4+
Qf6 29. Kf2 Rd6 30. h4 Qxd4+ 31. Rxd4 h6 32. Be2 Kf6 33. a6 Bc6 34. Bd3 Bd7 35.
b5 Be6 36. Be2 Rdd7 37. Rd2 Rd6 38. g4 d4 39. g5+ hxg5 40. hxg5+ Kg7 41. Bd3 Bd5
42. Re2 Rdd7 43. Rc8 Rf7 44. Kg3 Rc7 45. Rxc7 Rxc7 46. Re5 Bb3 47. Kf2 Kf7 48.
Re4 Rd7 49. Ke2 Rd6 50. Kd2 Be6 51. Re1 Bd5 52. Rc1 Rd7 53. Rc8 Kg7 54. Bc4 Be4
55. Rg8+ Kh7 56. Re8 Bg2 57. Bd3 Rf7 58. Rd8 Rxf4 59. Rd7+ Kh8 60. Rxa7 Rf2+ 61.
Ke1 Rb2 62. Rd7 Kg8 63. Rxd4 1-0

[Event "16th Sants Open 2014"]
[Site "Barcelona ESP"]
[Date "2014.08.27"]
[Round "6.25"]
[White "Graf, Felix"]
[Black "Tallo Dominguez, Imar"]
[Result "1-0"]
[WhiteElo "2479"]
[BlackElo "2245"]
[WhiteFideId "24608904"]
[BlackFideId "2283743"]
[EventDate "2014.08.22"]

1. b3 e5 2. Bb2 Nc6 3. e3 Nf6 4. h3 d5 5. Bb5 Bd6 6. Nf3 e4 7. Ne5 Bd7 8. Nxd7
Qxd7 9. O-O a6 10. Bxc6 bxc6 11. c4 Qe7 12. d3 O-O 13. Qc2 Nd7 14. cxd5 cxd5 15.
dxe4 dxe4 16. Nd2 Nc5 17. Bd4 Nd3 18. f3 c5 19. Bc3 f5 20. Rad1 Bc7 21. Nc4 Rad8 1-0

[Event "16th Sants Open 2014"]
[Site "Barcelona ESP"]
[Date "2014.08.27"]
[Round "6.26"]
[White "Piepho, Niels"]
[Black "Galliamova, Alisa"]
[Result "1/2-1/2"]
[BlackTitle "IM"]
[WhiteElo "2293"]
[BlackElo "2472"]
[WhiteFideId "4624262"]
[BlackFideId "4129725"]
[EventDate "2014.08.22"]

1. Nf3 d5 2. g3 g6 3. Bg2 Bg7 4. O-O e5 5. d3 Nc6 6. e4 d4 7. a4 Nge7 8. Na3 O-O
9. Nc4 a6 10. a5 b5 11. axb6 cxb6 12. Bd2 a5 13. b4 Ba6 14. Qb1 Bxc4 15. dxc4
Qc7 16. Qb3 Nxb4 17. Bxb4 axb4 18. Qxb4 Nc6 19. Qb5 Ra5 20. Rxa5 Nxa5 21. Rb1
Qxc4 22. Qxc4 Nxc4 23. Bf1 Nd6 24. Rxb6 Nxe4 25. Bd3 f5 26. Bc4+ Kh8 27. Re6 Rc8
28. Bd5 Nc3 29. Bb3 e4 30. Ng5 h6 31. Nf7+ Kh7 32. Re7 d3 33. cxd3 exd3 34. Rd7
Ne2+ 35. Kg2 Nd4 36. Nd6 Rb8 37. Bd1 g5 38. Nc4 Rb1 39. Bh5 g4 40. Ne5 Rb6 41.
Rxd4 1/2-1/2

[Event "16th Sants Open 2014"]
[Site "Barcelona ESP"]
[Date "2014.08.27"]
[Round "6.27"]
[White "Pardo Simon, David"]
[Black "Diaz Camallonga, Carles"]
[Result "0-1"]
[WhiteTitle "IM"]
[WhiteElo "2457"]
[BlackElo "2261"]
[WhiteFideId "2296276"]
[BlackFideId "22235256"]
[EventDate "2014.08.22"]

1. d4 e6 2. Nf3 Nf6 3. e3 b6 4. Bd3 Bb7 5. O-O Be7 6. c4 Ne4 7. Qc2 f5 8. Nbd2
Nxd2 9. Bxd2 Bxf3 10. gxf3 Bd6 11. f4 Qh4 12. Kh1 O-O 13. Bc3 Be7 14. b4 Nc6 15.
a3 Bf6 16. Be2 Ne7 17. Bf3 c6 18. b5 Rac8 19. bxc6 dxc6 20. a4 Rfd8 21. Rad1 Ng6
22. Be2 Be7 23. Bb2 Kh8 24. Bd3 Bf6 25. a5 Qh3 26. f3 Nh4 27. Qf2 c5 28. Qg3
Qxg3 29. hxg3 Ng6 30. axb6 axb6 31. Be2 Ne7 32. g4 g6 33. g5 Bg7 34. Ba3 Ra8 35.
dxc5 Rdc8 36. cxb6 Rxa3 37. Rd7 Bf8 38. Rfd1 Rb8 39. Rd8 Raa8 40. Rxb8 Rxb8 41.
c5 Nd5 42. Rc1 Bxc5 43. Rxc5 Rxb6 44. Kg1 Nxe3 45. Rc8+ Kg7 46. Rc7+ Kf8 47.
Rxh7 Nd5 48. Kf2 Rb2 49. Kf1 Nxf4 50. Bc4 Rc2 51. Bb5 Nd5 52. Rd7 Rc7 53. Rd8+
Kg7 54. Kf2 Nf4 55. Kg3 e5 56. Re8 Rc5 57. Bf1 Kf7 58. Rd8 Rc2 59. Rd6 Ke7 60.
Ra6 Nh5+ 61. Kh3 Rf2 62. Bc4 Rxf3+ 63. Kg2 Rc3 0-1

[Event "16th Sants Open 2014"]
[Site "Barcelona ESP"]
[Date "2014.08.27"]
[Round "6.28"]
[White "Jaksland, Tim"]
[Black "Cruz, Filemon"]
[Result "1-0"]
[WhiteTitle "FM"]
[BlackTitle "IM"]
[WhiteElo "2262"]
[BlackElo "2439"]
[WhiteFideId "1401084"]
[BlackFideId "3800296"]
[EventDate "2014.08.22"]

1. Nf3 Nf6 2. c4 c5 3. g3 b6 4. Bg2 Bb7 5. O-O e6 6. b3 Be7 7. Bb2 O-O 8. e3 d5
9. Nc3 dxc4 10. bxc4 Nc6 11. Qe2 Rc8 12. Rfd1 Qc7 13. Rac1 a6 14. d4 cxd4 15.
exd4 Na5 16. d5 Nxc4 17. dxe6 Bxf3 18. Bxf3 fxe6 19. Qxe6+ Kh8 20. Nd5 Nxd5 21.
Bxd5 Nxb2 22. Rxc7 Rxc7 23. Rd4 Bf6 24. Rd2 Re7 25. Qxb6 Rd7 26. Qxa6 Rfd8 27.
Qb5 h6 28. Qb3 Rd6 29. h4 R6d7 30. Kg2 Rc7 31. Rxb2 1-0

[Event "16th Sants Open 2014"]
[Site "Barcelona ESP"]
[Date "2014.08.27"]
[Round "6.29"]
[White "Cori T., Deysi"]
[Black "Bendayan Claros, Aaron"]
[Result "1/2-1/2"]
[WhiteTitle "WGM"]
[WhiteElo "2422"]
[BlackElo "2216"]
[WhiteFideId "3801934"]
[BlackFideId "3803392"]
[EventDate "2014.08.22"]

1. d4 d5 2. Nf3 Nf6 3. c4 c6 4. Nc3 a6 5. c5 Nbd7 6. h3 Qc7 7. g3 e5 8. Nxe5
Nxe5 9. Bf4 Nfd7 10. dxe5 Nxc5 11. e6 Qe7 12. exf7+ Qxf7 13. Bg2 Be7 14. O-O O-O
15. e3 Bf5 16. g4 Bd3 17. Ne2 Be4 18. Nd4 Bxg2 19. Kxg2 Ne6 20. Be5 Bf6 21. Bd6
Rfd8 22. Nxe6 Qxe6 23. Bc5 Rd7 24. Rb1 Bd8 25. b4 Bc7 26. Rb3 b6 27. Bd4 Qd6 28.
f4 c5 29. bxc5 bxc5 30. Be5 Qc6 31. Qf3 Bxe5 32. fxe5 Re8 33. Rfb1 Rf7 34. Rb6
Rxf3 35. Rxc6 Rxe3 36. Rb7 Re2+ 37. Kg3 g5 38. h4 R2xe5 39. hxg5 d4 40. g6 h6
41. g5 Re3+ 42. Kg4 R3e4+ 43. Kf5 hxg5 44. Kf6 Rf4+ 45. Kxg5 1/2-1/2

[Event "16th Sants Open 2014"]
[Site "Barcelona ESP"]
[Date "2014.08.27"]
[Round "6.30"]
[White "Jorczik, Julian"]
[Black "Rojano Alfonso, Carlos"]
[Result "1-0"]
[WhiteTitle "IM"]
[WhiteElo "2399"]
[BlackElo "2213"]
[WhiteFideId "24611719"]
[BlackFideId "22229507"]
[EventDate "2014.08.22"]

1. c4 e6 2. d4 Nf6 3. Nf3 b6 4. g3 Bb7 5. Bg2 Be7 6. O-O O-O 7. Re1 c5 8. d5 d6
9. e4 Ne8 10. Nc3 Nc7 11. e5 exd5 12. cxd5 b5 13. Bf4 dxe5 14. Nxe5 Bd6 15. Nc6
Bxc6 16. Bxd6 Qxd6 17. dxc6 Qxd1 18. Raxd1 Nba6 19. Rd7 b4 20. Nd5 Ne6 21. Bf1
Nb8 22. Rd6 Nxc6 23. Rxc6 Nd4 24. Ne7+ Kh8 25. Rc1 Nxc6 26. Nxc6 Rac8 27. Rxc5
Rc7 28. Bg2 g6 29. Kf1 Kg7 30. Rc4 Rfc8 31. b3 Rd7 32. Nxb4 Rd1+ 33. Ke2 Rcd8
34. Rc2 R1d4 35. Rc4 Re8+ 36. Kf3 Rd2 37. Bf1 Re1 38. Kg2 Rb1 39. Rc2 Rxc2 40.
Nxc2 Rb2 41. Nb4 a5 42. Nd5 Rxa2 43. Bb5 Rc2 44. Ba4 Rc5 45. Nb6 h5 46. h4 Rf5
47. Nc4 Kf6 48. f4 Rd5 49. Kf2 Rc5 50. Ke3 Ke6 51. Kd4 Rd5+ 52. Ke4 Rc5 53. Be8
Ke7 54. Kd4 Rc8 55. Bxf7 Rd8+ 56. Bd5 Kf6 57. Nxa5 Kf5 58. Nc6 Rd7 59. Ne5 1-0